Movies with Astronauts Quiz Stats

 Plays Quiz Updated Oct 29, 2014

Also try: Movie Name Swap
Challenge
Share
Tweet
Score 0/20 Timer 05:00
1 Play Today
Hint Movie % Correct
Toy Story
97.2%
Apollo 13
94.2%
Gravity
89%
Armageddon
81.8%
Alien
79.9%
Star Wars Episode IV: A New Hope
79.8%
Mars Attacks
72.7%
Planet of the Apes
71.5%
2001: A Space Odyssey
62.9%
Space Cowboys
53.4%
Hint Movie % Correct
Contact
52.1%
Moonraker
51.6%
Lost In Space
44.2%
The Right Stuff
38.5%
Prometheus
33.4%
Mission To Mars
26.3%
Apollo 18
18.8%
Deep Impact
15.2%
Space Camp
12.7%
Capricorn One
9.9%

You're not logged in!

Compare scores with friends on all Sporcle quizzes.
Join for Free
OR
Log In

You Might Also Like...

Show Comments

Extras

Top Quizzes Today


Score Distribution

Your Account Isn't Verified!

In order to create a playlist on Sporcle, you need to verify the email address you used during registration. Go to your Sporcle Settings to finish the process.

Report this User

Report this user for behavior that violates our Community Guidelines.

Details: